000 00279nam a2200097Ia 4500
001 639895
005 20250826153436.0
008 250824s9999 xx 000 0 und d
245 0 _aBÜYÜK UMUTLAR ANTİK OKUL KLASİKLERİ
_cCHARLES DİCKENS
260 _bANTİK DÜNYA KLASİKLERİ
999 _c639895
_d639895